Asian Countries NOT Bordering China - Statistics

General Stats
  • This quiz has been taken 174 times
    158 since last reset
  • The average score is 31 of 34
Answer Stats
Asian Country % Correct
Iraq
97%
Armenia
96%
Iran
96%
Israel
96%
Oman
96%
Yemen
96%
Georgia
95%
Indonesia
95%
Lebanon
95%
South Korea
95%
Bahrain
94%
Qatar
94%
Saudi Arabia
94%
Turkey
94%
Turkmenistan
94%
UAE
93%
Azerbaijan
92%
Cambodia
92%
Malaysia
92%
Japan
91%
Uzbekistan
91%
Singapore
90%
Sri Lanka
89%
Bangladesh
88%
Maldives
88%
Taiwan
88%
Brunei
87%
Syria
86%
East Timor
85%
Kuwait
85%
Philippines
85%
Thailand
85%
Jordan
83%
Cyprus
72%
No matching quizzes found
Score Distribution
Percent of People with Each Score
Percentile by Number Answered
Your Score History
You have not taken this quiz since the last reset